| 000 | 00764nam a22001817a 4500 | ||
|---|---|---|---|
| 999 |
_c62504 _d62504 |
||
| 003 | Ge_BSU | ||
| 005 | 20241119140803.0 | ||
| 008 | 241119s1939 ge ||||| |||| 00| 0 geo d | ||
| 041 | _ageo | ||
| 080 | _a617:355 ა-99 | ||
| 100 |
_aახუტინი, მ.ნ _923742 |
||
| 245 |
_aქირურგიული მუშაობა ხასანის ტბასთან ბრძოლების დროს. / _cმ.ნ. ახუტინი |
||
| 264 |
_aთბილისი : _bსაქმედგამი, _c1939. |
||
| 300 |
_a112გვ. : _bილუსტრ. ; _c 21სმ. |
||
| 653 | _aსამხედრო ქირურგია. | ||
| 653 | _aხასანის ტბის ბრძოლები. | ||
| 942 |
_2udc _cBK |
||